জল-চিকাৎসার অপূর্ব বিধান / (Record no. 71426)
[ view plain ]
| 000 -LEADER | |
|---|---|
| fixed length control field | 00930nam a2200217 a 4500 |
| 001 - CONTROL NUMBER | |
| control field | 71426 |
| 003 - CONTROL NUMBER IDENTIFIER | |
| rucl marc code | BD-RjUL |
| 005 - DATE AND TIME OF LATEST TRANSACTION | |
| control field | 20211209082118.0 |
| 008 - FIXED-LENGTH DATA ELEMENTS--GENERAL INFORMATION | |
| fixed length control field | 170503s1994 xxua|||| |||| 00| 0 eng d |
| 035 ## - SYSTEM CONTROL NUMBER | |
| System control number | (BD-RjUL)71642 |
| 040 ## - CATALOGING SOURCE | |
| Original cataloging agency | BD-RjUL |
| Language of cataloging | ben |
| Transcribing agency | BD-RjUL |
| Modifying agency | BD-RjUL |
| 041 ## - LANGUAGE CODE | |
| Language code of text/sound track or separate title | ben |
| 082 ## - DEWEY DECIMAL CLASSIFICATION NUMBER | |
| Edition number | 23 |
| Classification number | 615.853 |
| Author mark and year | DEJ 1994 |
| 100 ## - MAIN ENTRY--PERSONAL NAME | |
| Personal name | ডে গুজমান-লোডিং, হেড়মিনিয়া |
| 9 (RLIN) | 211335 |
| 245 ## - TITLE STATEMENT | |
| Title | জল-চিকাৎসার অপূর্ব বিধান / |
| Statement of responsibility, etc. | হেড়মিনিয়া ডে গুজমান-লোডিং |
| 260 ## - PUBLICATION, DISTRIBUTION, ETC. (IMPRINT) | |
| Place of publication, distribution, etc. | ঢাকা : |
| Name of publisher, distributor, etc. | বাংলাদেশ এ্যাডভেন্টিষ্ট পাবলিসিং হাউজ, |
| Date of publication, distribution, etc. | ১৯৯৪. |
| 300 ## - PHYSICAL DESCRIPTION | |
| Pagination | ১২০ পৃ : |
| Illustrations | চিত্র ; |
| Size | ২০ সেমি. |
| 650 ## - SUBJECT ADDED ENTRY--TOPICAL TERM | |
| Topical term or geographic name as entry element | হাইড্রোথেরাপি |
| 9 (RLIN) | 211336 |
| Topical term or geographic name as entry element | Hydrotherapy |
| 9 (RLIN) | 161957 |
| 942 ## - ADDED ENTRY ELEMENTS (KOHA) | |
| Source of classification or shelving scheme | Dewey Decimal Classification |
| Koha item type | Books |
| Lost status | Source of classification or shelving scheme | Damaged status | Not for loan | Collection code | Permanent Location | Current Location | Shelving location | Date acquired | Source of acquisition | Cost, normal purchase price | Total Checkouts | Full call number | Date last seen | Copy number | Koha item type |
|---|---|---|---|---|---|---|---|---|---|---|---|---|---|---|---|
| Dewey Decimal Classification | Not For Loan | Non-fiction | Central Library, University of Rajshahi | Central Library, University of Rajshahi | Reading Room | 27/12/1997 | New mohiuddin and sons | 140.00 | B 615.853 DEJ 1994 | 03/05/2017 | C-1 | Books |